[Event "Teplice op 18th"]
[Site "Teplice"]
[Date "2025.06.19"]
[Round "6"]
[White "Finek, Vaclav"]
[Black "Sathvik, Adiga"]
[Result "1-0"]
[WhiteElo "2520"]
[BlackElo "2341"]
[PlyCount "85"]
[EventDate "2025.06.14"]
[EventType "swiss"]
[EventRounds "9"]
[EventCountry "CZE"]
[SourceTitle "CB26_2025"]
[SourceDate "2025.06.25"]
[SourceVersion "1"]
[SourceVersionDate "2025.06.25"]
[SourceQuality "1"]

1. d4 d5 2. c4 e6 3. Nf3 Nf6 4. g3 Bb4+ 5. Bd2 Be7 6. Bg2 0-0 7. 0-0 Nbd7 8. Qc2 c6 9. a4 a5 10. Rc1 b6 11. cxd5 cxd5 12. Nc3 Ba6 13. Nb5 Bxb5 14. axb5 Rc8 15. Qa4 Ne4 16. Bf4 Bd6 17. Rxc8 Qxc8 18. Rc1 Qb8 19. Bxd6 Nxd6 20. Rc6 Nc8 21. b4 axb4 22. Qxb4 Na7 23. Rc1 Rc8 24. Ra1 Rc7 25. e3 Nc8 26. Bf1 Ra7 27. Ra6 Qc7 28. Qa3 Nb8 29. Rxa7 Nxa7 30. Ne5 f6 31. Bh3 f5 32. e4 dxe4 33. Qb3 Qe7 34. Bxf5 Nxb5 35. Qxb5 exf5 36. Qxb6 Qf8 37. Qb3+ Kh8 38. Nf7+ Kg8 39. Nd8+ Kh8 40. Qxb8 f4 41. Nf7+ Kg8 42. Qxf8+ Kxf8 43. Ng5 1-0

[Event "Teplice op 18th"]
[Site "Teplice"]
[Date "2025.06.17"]
[Round "4"]
[White "Apoorv, Kamble"]
[Black "Finek, Vaclav"]
[Result "0-1"]
[WhiteElo "2251"]
[BlackElo "2520"]
[PlyCount "90"]
[EventDate "2025.06.14"]
[EventType "swiss"]
[EventRounds "9"]
[EventCountry "CZE"]
[SourceTitle "CB26_2025"]
[SourceDate "2025.06.25"]
[SourceVersion "1"]
[SourceVersionDate "2025.06.25"]
[SourceQuality "1"]

1. e4 c5 2. Nf3 Nc6 3. d4 cxd4 4. Nxd4 Nf6 5. Nc3 h5 6. Be2 g6 7. h3 Bg7 8. Be3 0-0 9. 0-0 d5 10. exd5 Nb4 11. Qd2 Nbxd5 12. Nxd5 Nxd5 13. Bh6 Bxh6 14. Qxh6 Qb6 15. Rad1 Qf6 16. Bc4 Nb6 17. Bb3 a5 18. a3 a4 19. Ba2 Ra5 20. Rfe1 Bxh3 21. gxh3 Rg5+ 22. Kf1 Qf4 23. Ne6 Rg1+ 24. Kxg1 Qxh6 25. Nxf8 Qg5+ 26. Kh2 Kxf8 27. c3 e6 28. Re3 Qb5 29. Rd2 Nd7 30. Bc4 Qc6 31. Bf1 Nc5 32. Bg2 Qc7+ 33. Kg1 Kg7 34. Rd4 g5 35. Bf3 Kg6 36. Bd1 e5 37. Rd5 e4 38. Bc2 f5 39. Re1 g4 40. hxg4 hxg4 41. Red1 g3 42. Rd6+ Kg5 43. R6d2 Qb6 44. fxg3 Nd3+ 45. Kg2 Ne5 0-1

[Event "Teplice op 18th"]
[Site "Teplice"]
[Date "2025.06.16"]
[Round "3"]
[White "Finek, Vaclav"]
[Black "Korshunov, Sergey And"]
[Result "1/2-1/2"]
[WhiteElo "2520"]
[BlackElo "2363"]
[PlyCount "88"]
[EventDate "2025.06.14"]
[EventType "swiss"]
[EventRounds "9"]
[EventCountry "CZE"]
[SourceTitle "CB26_2025"]
[SourceDate "2025.06.25"]
[SourceVersion "1"]
[SourceVersionDate "2025.06.25"]
[SourceQuality "1"]

1. d4 Nf6 2. c4 c5 3. d5 b5 4. cxb5 a6 5. bxa6 e6 6. Nc3 exd5 7. Nxd5 Be7 8. e3 Nxd5 9. Qxd5 Ra7 10. Nf3 Nxa6 11. Be2 0-0 12. 0-0 Nb4 13. Qd1 Rxa2 14. Rxa2 Nxa2 15. Bd2 Qb6 16. Qb1 Nb4 17. Rd1 d5 18. Bc3 Be6 19. Ne5 Bf6 20. Nf3 Be7 21. Ne5 Bf6 22. Nd3 Bf5 23. Bxf6 Qxf6 24. Qc1 Bxd3 25. Bxd3 Qe7 26. Bf1 Rd8 27. Qc3 Qd6 28. g3 d4 29. exd4 cxd4 30. Qd2 g6 31. Bg2 h5 32. Rc1 Rb8 33. Rc4 d3 34. Bf3 Nc2 35. Qc3 Re8 36. Rc8 Rxc8 37. Qxc8+ Kg7 38. Qc3+ Kg8 39. Bd1 Nb4 40. Qc8+ Kg7 41. Qc3+ Kg8 42. Qc8+ Kg7 43. Qc3+ Kg8 44. Qc8+ Kg7 1/2-1/2

[Event "Mitropa Cup"]
[Site "Trencin"]
[Date "2025.05.18"]
[Round "5.1"]
[White "Finek, Vaclav"]
[Black "Pechac, Jergus"]
[Result "1/2-1/2"]
[WhiteElo "2506"]
[BlackElo "2600"]
[PlyCount "60"]
[EventDate "2025.05.14"]
[EventType "team-tourn"]
[EventRounds "9"]
[EventCountry "SVK"]
[SourceTitle "CB22_2025"]
[SourceDate "2025.05.28"]
[SourceVersion "1"]
[SourceVersionDate "2025.05.28"]
[SourceQuality "1"]
[WhiteTeam "Czech Republic"]
[BlackTeam "Slovakia"]
[WhiteTeamCountry "CZE"]
[BlackTeamCountry "SVK"]

1. d4 Nf6 2. c4 e6 3. Nf3 d5 4. g3 Bb4+ 5. Bd2 a5 6. Qc2 0-0 7. Bg2 c5 8. cxd5 exd5 9. 0-0 cxd4 10. Nxd4 Qb6 11. e3 Nc6 12. Nxc6 bxc6 13. Rc1 Rb8 14. Bxb4 Qxb4 15. b3 h5 16. Nd2 Bd7 17. Nf3 Rfe8 18. Ne1 h4 19. Nd3 Qg4 20. Qd1 Qg6 21. gxh4 Nh5 22. Kh1 Bf5 23. Rc3 Be4 24. Qf1 Qf6 25. Rac1 Qxh4 26. Nc5 Nf6 27. Nxe4 dxe4 28. h3 Ng4 29. R3c2 Rbd8 30. Qe1 g5 1/2-1/2

[Event "Mitropa Cup"]
[Site "Trencin"]
[Date "2025.05.17"]
[Round "4.1"]
[White "Sonis, Francesco"]
[Black "Finek, Vaclav"]
[Result "0-1"]
[WhiteElo "2570"]
[BlackElo "2506"]
[PlyCount "94"]
[EventDate "2025.05.14"]
[EventType "team-tourn"]
[EventRounds "9"]
[EventCountry "SVK"]
[SourceTitle "CB22_2025"]
[SourceDate "2025.05.28"]
[SourceVersion "1"]
[SourceVersionDate "2025.05.28"]
[SourceQuality "1"]
[WhiteTeam "Italy"]
[BlackTeam "Czech Republic"]
[WhiteTeamCountry "ITA"]
[BlackTeamCountry "CZE"]

1. d4 d5 2. c4 c6 3. Nf3 Nf6 4. e3 e6 5. Nbd2 Nbd7 6. b3 Bd6 7. Bb2 Qe7 8. Qc2 0-0 9. Bd3 b6 10. e4 dxe4 11. Nxe4 Bb4+ 12. Kf1 Ba3 13. Bxa3 Qxa3 14. Ne5 Bb7 15. Ng5 g6 16. Rd1 Qe7 17. h4 Nxe5 18. dxe5 Nd7 19. Qe2 Rad8 20. Rh3 h6 21. Nf3 c5 22. Nh2 Kg7 23. Re1 Nb8 24. h5 g5 25. Bb1 Rd4 26. Rd3 Re4 27. Re3 Rxe3 28. Qxe3 Rd8 29. Qc1 Nd7 30. Kg1 Nf8 31. Ng4 Qd7 32. Nf6 Qd2 33. Ne8+ Kg8 34. Nd6 Qxc1 35. Rxc1 Bc6 36. g3 Bf3 37. Rc3 Bxh5 38. Be4 f5 39. Bb7 Ng6 40. Bc8 Nxe5 41. Bxe6+ Kg7 42. Nxf5+ Kf6 43. f4 Nf3+ 44. Kf2 Nd4 45. Ne3 Kxe6 46. f5+ Nxf5 47. g4 Nd6 0-1

[Event "Mitropa Cup"]
[Site "Trencin"]
[Date "2025.05.16"]
[Round "3.1"]
[White "Finek, Vaclav"]
[Black "Jablonicky, Martin"]
[Result "1-0"]
[WhiteElo "2506"]
[BlackElo "2428"]
[PlyCount "119"]
[EventDate "2025.05.14"]
[EventType "team-tourn"]
[EventRounds "9"]
[EventCountry "SVK"]
[SourceTitle "CB22_2025"]
[SourceDate "2025.05.28"]
[SourceVersion "1"]
[SourceVersionDate "2025.05.28"]
[SourceQuality "1"]
[WhiteTeam "Czech Republic"]
[BlackTeam "Slovakia II"]
[WhiteTeamCountry "CZE"]
[BlackTeamCountry "SVK"]

1. d4 d5 2. c4 dxc4 3. Nf3 Nf6 4. e3 e6 5. Bxc4 a6 6. 0-0 c5 7. dxc5 Bxc5 8. Qxd8+ Kxd8 9. Be2 Ke7 10. Nc3 Rd8 11. Na4 Ba7 12. b3 Nbd7 13. Ba3+ Ke8 14. Nd4 Bxd4 15. exd4 Nd5 16. Bf3 N7f6 17. g4 h6 18. h4 g5 19. hxg5 hxg5 20. Nc5 b6 21. Nd3 Bb7 22. Ne5 b5 23. Bc1 Nh7 24. Be4 Nhf6 25. Bf3 Nh7 26. Kg2 f6 27. Nd3 Nf8 28. Re1 Kf7 29. Kg3 Bc6 30. Bxg5 Ne7 31. Be3 Bxf3 32. Kxf3 e5 33. Nb4 a5 34. Nc2 Rac8 35. Re2 Neg6 36. dxe5 Nxe5+ 37. Kg3 Ne6 38. f4 Nd3 39. Rf1 Rc3 40. Na3 Rd5 41. Nb1 Rc8 42. Rd2 Nb4 43. Rfd1 Rxd2 44. Rxd2 a4 45. bxa4 bxa4 46. a3 Nc2 47. Rd7+ Ke8 48. Rd3 Rb8 49. Nd2 Rd8 50. Rxd8+ Kxd8 51. Nc4 Kd7 52. f5 Nc7 53. Bc1 Kc6 54. Bb2 Kc5 55. Nd2 Nd5 56. Ne4+ Kc4 57. Nxf6 Nxf6 58. Bxf6 Nxa3 59. g5 Nb5 60. g6 1-0

[Event "Prague Challengers 7th"]
[Site "Prague"]
[Date "2025.03.05"]
[Round "7"]
[White "Stalmach, Richard"]
[Black "Finek, Vaclav"]
[Result "1/2-1/2"]
[WhiteElo "2449"]
[BlackElo "2478"]
[PlyCount "127"]
[EventDate "2025.02.26"]
[EventType "tourn"]
[EventRounds "9"]
[EventCountry "CZE"]
[EventCategory "13"]
[SourceTitle "CB11_2025"]
[SourceDate "2025.03.12"]
[SourceVersion "1"]
[SourceVersionDate "2025.03.12"]
[SourceQuality "1"]

1. Nf3 Nf6 2. c4 e6 3. g3 a6 4. d4 b5 5. b3 Bb7 6. Bg2 Be7 7. 0-0 0-0 8. Nc3 b4 9. Na4 d6 10. Nb2 Nbd7 11. Nd3 c5 12. Bb2 Qc7 13. Qc2 a5 14. a4 Rac8 15. dxc5 Nxc5 16. Nxc5 Qxc5 17. Ng5 Qxg5 18. Bxb7 Rc7 19. Bf3 Qg6 20. Qd2 Nd7 21. Bd4 Nc5 22. Bxc5 Rxc5 23. Rad1 Qg5 24. Qd4 Qe5 25. e3 Rd8 26. Bg2 g6 27. f4 Qxd4 28. exd4 Rc7 29. g4 d5 30. c5 f5 31. h3 Kf7 32. Kf2 Rg8 33. Bf3 Bd8 34. Rg1 Kf8 35. Rd2 Kf7 36. Re2 Bf6 37. Ke3 Rd8 38. Kd3 Rc6 39. Reg2 Rcc8 40. Re1 Rc6 41. Reg1 Rh8 42. Ke3 Rc7 43. Be2 Rc6 44. Bb5 Rc7 45. Kd3 Re7 46. Re1 Rc8 47. Re3 Rcc7 48. g5 Bg7 49. h4 Rc8 50. h5 gxh5 51. Rh3 h6 52. Rxh5 hxg5 53. Rhxg5 Bf6 54. Rh5 Rh8 55. Rxh8 Bxh8 56. Ke3 Kf8 57. Be2 Rh7 58. c6 Rc7 59. Bb5 Bf6 60. Rh2 Kg7 61. Rc2 Bd8 62. Be2 Kf6 63. Bf3 Ke7 64. Bh5 1/2-1/2

[Event "CZE-chT1W 2425"]
[Site "Czech Republic"]
[Date "2024.12.08"]
[Round "4.1"]
[White "Miesbauer, Jan"]
[Black "Finek, Vaclav"]
[Result "0-1"]
[WhiteElo "2406"]
[BlackElo "2477"]
[PlyCount "90"]
[EventDate "2024.10.20"]
[EventType "team-tourn"]
[EventRounds "11"]
[EventCountry "CZE"]
[SourceTitle "CB16_2025"]
[SourceDate "2025.04.16"]
[SourceVersion "1"]
[SourceVersionDate "2025.04.16"]
[SourceQuality "1"]
[WhiteTeam "Pisek"]
[BlackTeam "Turnov Zikuda II"]
[WhiteTeamCountry "CZE"]
[BlackTeamCountry "CZE"]

1. Nf3 Nf6 2. c4 c6 3. b3 d5 4. Bb2 Bf5 5. g3 e6 6. Bg2 h6 7. 0-0 Nbd7 8. d3 Be7 9. Nbd2 0-0 10. Re1 Bh7 11. a3 a5 12. Ra2 Qb6 13. Qa1 Rfe8 14. Bc3 Bc5 15. d4 Bf8 16. c5 Qa7 17. Rc1 b6 18. cxb6 Qxb6 19. b4 axb4 20. Bxb4 c5 21. dxc5 Nxc5 22. Bc3 Ncd7 23. a4 Rec8 24. e3 Bd3 25. Bf1 Bxf1 26. Kxf1 Qa6+ 27. Kg1 Ne8 28. Nd4 Nc5 29. Bb4 Nd3 30. Rxc8 Rxc8 31. Bc3 Nd6 32. Rc2 e5 33. N4f3 Nf5 34. Qb1 Qc6 35. Qf1 e4 36. Nb3 Qxa4 37. Nfd4 Nxd4 38. Nxd4 Bc5 39. Qa1 Qxa1+ 40. Bxa1 Rb8 41. Ra2 Kh7 42. Ra5 Rb1+ 43. Kg2 h5 44. h3 Ne1+ 45. Kf1 Nf3+ 0-1

[Event "EU-Cup 39th"]
[Site "Vrnjacka Banja"]
[Date "2024.10.26"]
[Round "7.12"]
[White "Mastrovasilis, Dimitrios"]
[Black "Finek, Vaclav"]
[Result "1/2-1/2"]
[WhiteElo "2532"]
[BlackElo "2477"]
[PlyCount "65"]
[EventDate "2024.10.20"]
[EventType "team-swiss"]
[EventRounds "7"]
[EventCountry "SRB"]
[SourceTitle "CB45_2024"]
[Source "ChessBase"]
[SourceDate "2024.11.06"]
[SourceVersion "1"]
[SourceVersionDate "2024.11.06"]
[SourceQuality "1"]
[WhiteTeam "Kavala"]
[BlackTeam "Dunajska Streda"]
[WhiteTeamCountry "GRE"]
[BlackTeamCountry "SVK"]

1. e4 e5 2. Nf3 Nf6 3. Nxe5 d6 4. Nf3 Nxe4 5. d4 d5 6. Bd3 Bd6 7. 0-0 0-0 8. c4 c6 9. Nc3 Nxc3 10. bxc3 dxc4 11. Bxc4 Bf5 12. Bg5 Qa5 13. d5 Qc5 14. Bb3 cxd5 15. Be3 Qc7 16. Qxd5 Be6 17. Qh5 Bxb3 18. axb3 Nc6 19. Ra4 g6 20. Qh4 f6 21. Nd4 Nxd4 22. Bxd4 Qf7 23. b4 a6 24. Raa1 Rae8 25. Rad1 Re6 26. Qh3 Rfe8 27. Qf3 f5 28. h3 Bf8 29. Rd3 Rd8 30. Re3 Rxe3 31. Qxe3 Re8 32. Qg3 Qe6 33. Qc7 1/2-1/2

[Event "EU-Cup 39th"]
[Site "Vrnjacka Banja"]
[Date "2024.10.23"]
[Round "4.1"]
[White "Finek, Vaclav"]
[Black "Ris, Robert"]
[Result "1-0"]
[WhiteElo "2477"]
[BlackElo "2438"]
[PlyCount "81"]
[EventDate "2024.10.20"]
[EventType "team-swiss"]
[EventRounds "7"]
[EventCountry "SRB"]
[SourceTitle "CB44_2024"]
[Source "Chessbase"]
[SourceDate "2024.10.30"]
[SourceVersion "1"]
[SourceVersionDate "2024.10.30"]
[SourceQuality "1"]
[WhiteTeam "Dunajska Streda"]
[BlackTeam "Erkenschwick"]
[WhiteTeamCountry "SVK"]
[BlackTeamCountry "GER"]

1. d4 Nf6 2. c4 g6 3. g3 Bg7 4. Bg2 c5 5. Nf3 Qa5+ 6. Bd2 Qb6 7. dxc5 Qxc5 8. Nc3 0-0 9. Rc1 d6 10. b3 Nc6 11. 0-0 Qh5 12. Ne1 Bh3 13. Nd3 Bxg2 14. Kxg2 Rfd8 15. Nf4 Qf5 16. f3 Qd7 17. e4 e6 18. Be3 Qc7 19. Qd2 Qa5 20. h4 Rd7 21. Rfd1 Rad8 22. Nb5 Qxd2+ 23. Rxd2 b6 24. Rcd1 Ne8 25. Ne2 Bf6 26. Bg5 Kg7 27. Bf4 Be5 28. Be3 Bf6 29. Ned4 Nxd4 30. Nxd4 Rc8 31. Nb5 Rc6 32. Bf4 Be7 33. e5 d5 34. cxd5 Rc5 35. dxe6 Rxd2+ 36. Rxd2 Rxb5 37. Rd7 Kf8 38. Bh6+ Ng7 39. Bxg7+ Ke8 40. Rxa7 fxe6 41. Bf6 1-0

[Event "Turnov rapid op 18th"]
[Site "Turnov"]
[Date "2024.09.14"]
[Round "6"]
[White "Finek, Vaclav"]
[Black "Plat, Vojtech"]
[Result "1-0"]
[WhiteElo "2317"]
[BlackElo "2544"]
[PlyCount "87"]
[EventDate "2024.09.14"]
[EventType "swiss (rapid)"]
[EventRounds "9"]
[EventCountry "CZE"]
[SourceTitle "EXT 2025"]
[Source "ChessBase"]
[SourceDate "2024.10.14"]
[SourceVersion "1"]
[SourceVersionDate "2024.10.14"]
[SourceQuality "1"]

1. d4 d6 2. Nf3 Nf6 3. g3 c6 4. Bg2 g6 5. 0-0 Bg7 6. c4 0-0 7. Nc3 Bf5 8. Ng5 e5 9. d5 cxd5 10. cxd5 Na6 11. e4 Bd7 12. Nf3 Rc8 13. Ne1 Bg4 14. f3 Bd7 15. Be3 b6 16. Nd3 Nc5 17. Rc1 Nh5 18. b4 Nxd3 19. Qxd3 f5 20. Bd2 Qe8 21. b5 f4 22. g4 Nf6 23. a4 g5 24. Na2 h5 25. h3 Qg6 26. Rxc8 Rxc8 27. Nb4 hxg4 28. hxg4 Rc5 29. Nc6 Nxd5 30. Qb3 Kf8 31. exd5 e4 32. fxe4 Bxg4 33. Qd3 Qh5 34. Rf2 Ke8 35. e5 dxe5 36. Qe4 Bd7 37. Nxe5 Kd8 38. Nxd7 Qd1+ 39. Rf1 Qxd2 40. Nxc5 Bd4+ 41. Kh1 Bxc5 42. Qh7 Qc3 43. Bh3 Be7 44. Qg8+ 1-0

[Event "Turnov rapid op 18th"]
[Site "Turnov"]
[Date "2024.09.14"]
[Round "2"]
[White "Mares, Stepan"]
[Black "Finek, Vaclav"]
[Result "0-1"]
[WhiteElo "1866"]
[BlackElo "2317"]
[PlyCount "148"]
[EventDate "2024.09.14"]
[EventType "swiss (rapid)"]
[EventRounds "9"]
[EventCountry "CZE"]
[SourceTitle "EXT 2025"]
[Source "ChessBase"]
[SourceDate "2024.10.14"]
[SourceVersion "1"]
[SourceVersionDate "2024.10.14"]
[SourceQuality "1"]

1. c4 e5 2. Nc3 Nf6 3. Nf3 Nc6 4. g3 d5 5. cxd5 Nxd5 6. Bg2 Nb6 7. 0-0 Be7 8. b3 0-0 9. Bb2 Be6 10. e3 f5 11. Ne1 Bf6 12. Nc2 Qd7 13. Qe2 Rad8 14. Rad1 Rfe8 15. Kh1 a5 16. Na3 Nb4 17. d3 N6d5 18. Nc4 b6 19. e4 Nxc3 20. Bxc3 Nc6 21. f4 fxe4 22. dxe4 Qc8 23. fxe5 Rxd1 24. Rxd1 Bg4 25. Bf3 Bxf3+ 26. Qxf3 Bxe5 27. Nxe5 Nxe5 28. Qh5 Ng6 29. Qd5+ Qe6 30. Qxe6+ Rxe6 31. Rd8+ Nf8 32. Rc8 Re7 33. b4 axb4 34. Bxb4 c5 35. Bc3 Rxe4 36. Rc7 Ne6 37. Rb7 Re3 38. Rxb6 Rxc3 39. Rxe6 Rc1+ 40. Kg2 Rc2+ 41. Kh3 Rxa2 42. Rc6 Rc2 43. g4 h6 44. Kg3 Rc3+ 45. Kf4 Rc1 46. h4 c4 47. g5 hxg5+ 48. hxg5 Kh7 49. Kf5 c3 50. Rc4 Rf1+ 51. Kg4 Rc1 52. Kf5 g6+ 53. Ke4 c2 54. Kd3 Kg7 55. Rc7+ Kf8 56. Rxc2 Rxc2 57. Kxc2 Ke7 58. Kd3 Kd7 59. Kd4 Kd6 60. Ke4 Ke6 61. Kf4 Kd5 62. Kf3 Ke5 63. Kg4 Ke4 64. Kg3 Kf5 65. Kh4 Kf4 66. Kh3 Kxg5 67. Kg3 Kf5 68. Kf3 g5 69. Kg3 g4 70. Kg2 Kf4 71. Kf2 g3+ 72. Kg2 Kg4 73. Kf1 Kf3 74. Kg1 g2 0-1

[Event "EU-ch U14"]
[Site "Prague"]
[Date "2024.08.31"]
[Round "9"]
[White "Finek, Vaclav"]
[Black "Sowinski, Pawel"]
[Result "1/2-1/2"]
[WhiteElo "2467"]
[BlackElo "2463"]
[PlyCount "102"]
[EventDate "2024.08.22"]
[EventType "swiss"]
[EventRounds "9"]
[EventCountry "CZE"]
[SourceTitle "CBM 221 Extra"]
[Source "ChessBase"]
[SourceDate "2024.09.30"]
[SourceVersion "1"]
[SourceVersionDate "2024.09.30"]
[SourceQuality "1"]

1. d4 Nf6 2. g3 e6 3. Bg2 c5 4. Nf3 cxd4 5. 0-0 d5 6. Nxd4 e5 7. Nb3 Be7 8. Bg5 Nbd7 9. c4 dxc4 10. N3d2 h6 11. Bxf6 Nxf6 12. Nc3 0-0 13. Nxc4 Qc7 14. Ne3 Be6 15. Ned5 Bxd5 16. Nxd5 Nxd5 17. Bxd5 Qb6 18. Qc2 Rad8 19. Rfd1 Rd6 20. e3 Rfd8 21. Qc4 Kh8 22. Rab1 R6d7 23. Bf3 Bc5 24. Rxd7 Rxd7 25. Qe4 Qf6 26. Rc1 Bf8 27. Rc8 Kg8 28. h4 Qd6 29. h5 Rc7 30. Rxc7 Qxc7 31. Qa4 b6 32. Kg2 a5 33. Qe8 Qe7 34. Qa8 Qf6 35. Qb7 g6 36. hxg6 Qxg6 37. Bd5 Qf6 38. Qc8 Kg7 39. Qg4+ Qg6 40. Qd7 Qf6 41. Qb5 Bc5 42. Qd7 Bf8 43. Be4 Bc5 44. Qg4+ Qg5 45. Qf3 Qf6 46. Qe2 Be7 47. b3 Bc5 48. Qg4+ Qg5 49. Qd7 Qe7 50. Qd1 Qf6 51. Qe2 Qe7 1/2-1/2

[Event "EU-ch U14"]
[Site "Prague"]
[Date "2024.08.29"]
[Round "7"]
[White "Haug, Havard"]
[Black "Finek, Vaclav"]
[Result "0-1"]
[WhiteElo "2315"]
[BlackElo "2467"]
[PlyCount "104"]
[EventDate "2024.08.22"]
[EventType "swiss"]
[EventRounds "9"]
[EventCountry "CZE"]
[SourceTitle "CBM 221 Extra"]
[Source "ChessBase"]
[SourceDate "2024.09.30"]
[SourceVersion "1"]
[SourceVersionDate "2024.09.30"]
[SourceQuality "1"]

1. e4 c5 2. c3 Nf6 3. e5 Nd5 4. Nf3 Nc6 5. d4 cxd4 6. cxd4 d6 7. Bc4 Nb6 8. Bb5 dxe5 9. Nxe5 Bd7 10. Nxd7 Qxd7 11. 0-0 e6 12. Be3 Be7 13. Nc3 0-0 14. Qd2 Rfd8 15. Rac1 a6 16. Bxc6 Qxc6 17. Rfd1 Nd5 18. Ne4 Qa4 19. b3 Qb4 20. Nc3 Nxc3 21. Qxc3 Qxc3 22. Rxc3 Rac8 23. Rdc1 Rxc3 24. Rxc3 Bd6 25. Kf1 f6 26. h3 Kf7 27. Ke2 g5 28. g4 Kg6 29. Rc1 h5 30. Kf3 f5 31. Rg1 Be7 32. Re1 hxg4+ 33. hxg4 Bf6 34. Rd1 Rd5 35. Rd3 e5 36. gxf5+ Kxf5 37. Ke2 exd4 38. Bd2 g4 39. Be1 Rc5 40. f3 Rc2+ 41. Bd2 Bg5 42. Kd1 Rxd2+ 43. Rxd2 Bxd2 44. fxg4+ Kxg4 45. Kxd2 Kf4 46. Kd3 Ke5 47. a3 Kd5 48. Kd2 Ke4 49. Ke2 d3+ 50. Kd1 Kd4 51. Kd2 b6 52. b4 b5 0-1

[Event "EU-ch U14"]
[Site "Prague"]
[Date "2024.08.26"]
[Round "5"]
[White "Torosyan, Volodya"]
[Black "Finek, Vaclav"]
[Result "0-1"]
[WhiteElo "2148"]
[BlackElo "2467"]
[PlyCount "96"]
[EventDate "2024.08.22"]
[EventType "swiss"]
[EventRounds "9"]
[EventCountry "CZE"]
[SourceTitle "CBM 221 Extra"]
[Source "ChessBase"]
[SourceDate "2024.09.30"]
[SourceVersion "1"]
[SourceVersionDate "2024.09.30"]
[SourceQuality "1"]

1. e4 Nf6 2. e5 Nd5 3. d4 d6 4. Nf3 dxe5 5. Nxe5 c6 6. Be2 Bf5 7. 0-0 Nd7 8. Bd3 Bxd3 9. Qxd3 e6 10. Nf3 Bd6 11. c4 N5f6 12. Nc3 0-0 13. Bg5 h6 14. Bh4 Qa5 15. Rfd1 Qh5 16. Rab1 Rfe8 17. Ne2 Qa5 18. a3 b5 19. Nc3 bxc4 20. Qxc4 Rec8 21. Bg3 Bxg3 22. hxg3 Rab8 23. Na2 Qd5 24. b3 Qa5 25. a4 Rb6 26. Qe2 Rcb8 27. Nd2 Qd5 28. Rbc1 a5 29. Nc3 Qf5 30. Qf3 Qg5 31. Qf4 Qh5 32. Qh4 Qg6 33. Nc4 Rxb3 34. Nxa5 R3b6 35. Ne2 Rc8 36. Nc4 Rb4 37. a5 Ra8 38. Nf4 Qf5 39. Nd6 Qxa5 40. Nd3 Ra4 41. Qf4 Qd5 42. Nb2 g5 43. Qf3 Qxd6 44. Nxa4 Rxa4 45. Rxc6 Qd5 46. Rc8+ Kg7 47. Qc3 Ra2 48. Rd8 Rxf2 0-1

[Event "Pardubice Czech op-A 35th"]
[Site "Pardubice"]
[Date "2024.07.23"]
[Round "5"]
[White "Polak, Tomas"]
[Black "Finek, Vaclav"]
[Result "1/2-1/2"]
[WhiteElo "2523"]
[BlackElo "2452"]
[PlyCount "57"]
[EventDate "2024.07.19"]
[EventType "swiss"]
[EventRounds "9"]
[EventCountry "CZE"]
[SourceTitle "CBM 221 Extra"]
[Source "ChessBase"]
[SourceDate "2024.09.30"]
[SourceVersion "1"]
[SourceVersionDate "2024.09.30"]
[SourceQuality "1"]

1. d4 d5 2. c4 c6 3. Nc3 Nf6 4. Nf3 e6 5. Bg5 Nbd7 6. e3 Be7 7. Rc1 0-0 8. a3 h6 9. Bh4 b6 10. Bd3 Bb7 11. 0-0 c5 12. Qe2 Rc8 13. cxd5 Nxd5 14. Bxe7 Nxc3 15. Rxc3 Qxe7 16. Ba6 Bxa6 17. Qxa6 Nb8 18. Qc4 Qb7 19. Rfc1 Nd7 20. h3 Nf6 21. Qb5 Ne4 22. R3c2 Nd6 23. Qb3 cxd4 24. Nxd4 Rxc2 25. Rxc2 Rc8 26. Qa4 Rxc2 27. Qxc2 Qe4 28. Qxe4 Nxe4 29. Nb5 1/2-1/2

[Event "Pardubice Czech op-E 35th"]
[Site "Pardubice"]
[Date "2024.07.12"]
[Round "2.1"]
[White "Masek, Daniel"]
[Black "Finek, Vaclav"]
[Result "0-1"]
[WhiteElo "1893"]
[BlackElo "2452"]
[PlyCount "48"]
[EventDate "2024.07.11"]
[EventType "team-swiss"]
[EventRounds "7"]
[EventCountry "CZE"]
[SourceTitle "CBM 221 Extra"]
[Source "ChessBase"]
[SourceDate "2024.09.30"]
[SourceVersion "1"]
[SourceVersionDate "2024.09.30"]
[SourceQuality "1"]
[WhiteTeam "Decin"]
[BlackTeam "Turnov Zikuda"]
[WhiteTeamCountry "CZE"]
[BlackTeamCountry "CZE"]

1. d4 Nf6 2. Bg5 c5 3. d5 Qb6 4. Bc1 e6 5. dxe6 fxe6 6. c4 d5 7. e3 Be7 8. Nf3 0-0 9. Nc3 Rd8 10. Qc2 Nc6 11. a3 Na5 12. Nd1 Bd7 13. Bd3 dxc4 14. Bxc4 Nxc4 15. Qxc4 Bb5 16. Qa2 Ne4 17. Nc3 Nxc3 18. bxc3 Qa6 19. Rb1 Bd3 20. Rb2 Bf6 21. Bd2 Rd7 22. h4 Rad8 23. g4 Be4 24. Rh3 Bxc3 0-1

[Event "Teplice op 17th"]
[Site "Teplice"]
[Date "2024.06.18"]
[Round "4"]
[White "Finek, Vaclav"]
[Black "Avinash, Ramesh"]
[Result "1/2-1/2"]
[WhiteElo "2450"]
[BlackElo "2252"]
[PlyCount "85"]
[EventDate "2024.06.15"]
[EventType "swiss"]
[EventRounds "9"]
[EventCountry "CZE"]
[SourceTitle "CBM 220 Extra"]
[Source "ChessBase"]
[SourceDate "2024.07.31"]
[SourceVersion "1"]
[SourceVersionDate "2024.07.31"]
[SourceQuality "1"]

1. d4 Nf6 2. c4 g6 3. g3 c6 4. Bg2 d5 5. cxd5 cxd5 6. Nf3 Bg7 7. Ne5 0-0 8. Nc3 Bf5 9. 0-0 Ne4 10. Bf4 Nxc3 11. bxc3 Nc6 12. Qb3 e6 13. Qxb7 Nxe5 14. Bxe5 Bxe5 15. dxe5 Qa5 16. c4 Rab8 17. Qe7 Be4 18. Bxe4 dxe4 19. e3 Qxe5 20. Qxa7 Rfc8 21. Qa4 Rc5 22. Rab1 Rbc8 23. Rb5 Qc3 24. Rxc5 Rxc5 25. Qa8+ Kg7 26. Qxe4 Rxc4 27. Qb1 Rb4 28. Qa1 Qxa1 29. Rxa1 Ra4 30. a3 g5 31. h3 h5 32. Kf1 Kf6 33. Ke2 Ke5 34. Kd3 f5 35. Ra2 Kd5 36. f3 g4 37. hxg4 hxg4 38. f4 e5 39. Ra1 Kc5 40. Kc3 Kd5 41. Kd3 Ke6 42. Ke2 Ke7 43. Kd3 1/2-1/2

[Event "Teplice op 17th"]
[Site "Teplice"]
[Date "2024.06.17"]
[Round "3"]
[White "Herega, Nejc"]
[Black "Finek, Vaclav"]
[Result "0-1"]
[WhiteElo "2225"]
[BlackElo "2450"]
[PlyCount "120"]
[EventDate "2024.06.15"]
[EventType "swiss"]
[EventRounds "9"]
[EventCountry "CZE"]
[SourceTitle "CBM 220 Extra"]
[Source "ChessBase"]
[SourceDate "2024.07.31"]
[SourceVersion "1"]
[SourceVersionDate "2024.07.31"]
[SourceQuality "1"]

1. d4 Nf6 2. Nf3 e6 3. c4 Bb4+ 4. Nc3 0-0 5. Bd2 d5 6. e3 b6 7. Rc1 Bb7 8. cxd5 exd5 9. Nb5 Bxd2+ 10. Nxd2 c6 11. Nc3 c5 12. Be2 Nbd7 13. 0-0 Re8 14. Bf3 cxd4 15. exd4 Nf8 16. Re1 Ne6 17. Nc4 a6 18. Ne3 Qd6 19. Ng4 Nxg4 20. Bxg4 Ng5 21. Rc2 g6 22. Rce2 Rxe2 23. Bxe2 Qf6 24. Bf1 Rd8 25. Re3 h5 26. h3 Ne6 27. Ne2 Bc6 28. Rf3 Qe7 29. Nf4 Nxf4 30. Rxf4 Re8 31. Qc2 Qd6 32. Qd2 Qe6 33. Qc2 Bd7 34. Kh2 Qd6 35. g3 Bf5 36. Bd3 Bxd3 37. Qxd3 b5 38. Qc2 Qe6 39. Qb3 Rc8 40. Rf3 Rc1 41. Re3 Qf6 42. Kg2 Qxd4 43. Qa3 Kg7 44. Qb3 Rc4 45. Rf3 Qe4 46. Qa3 Rc6 47. Qd3 Rc2 48. Qa3 Qe6 49. Qd3 Rc4 50. Kh2 h4 51. gxh4 Rxh4 52. Qc3+ d4 53. Qc7 Qd5 54. Rg3 Qf5 55. Kg2 Rf4 56. Kg1 Rxf2 57. Rxg6+ Kxg6 58. Qg3+ Kh5 59. Qxf2 Qxf2+ 60. Kxf2 f5 0-1